Statistics for Countries with 21st Century Coups and Coup Attempts

Click here to take the quiz!

General Stats

  • This quiz has been taken 37 times
  • The average score is 74 of 101

Answer Stats

TypeYearAnswer% Correct
Unresolved Coup2023Sudan
100%
Attempted Coup2021Sudan
100%
Attempted Coup?2020Sudan
100%
Coup2019Sudan
100%
Coup2021Sudan
100%
Attempted Coup?2004Turkey
100%
Attempted Coup2016Turkey
100%
Attempted Coup?2003Turkey
100%
Attempted Coup?2004Turkey
100%
Attempted Coup?2004Turkey
100%
Attempted Coup?2004Turkey
100%
Attempted Coup?2022Iraq
90%
Coup2021Mali
90%
Coup2020Mali
90%
Coup2012Mali
90%
Attempted Coup2012Mali
90%
Coup2021Myanmar
90%
Attempted Coup2021Niger
90%
Coup2010Niger
90%
Attempted Coup2013Chad
86%
Attempted Coup?2006Chad
86%
Attempted Coup2004Chad
86%
Coup2013Egypt
86%
Coup?2011Egypt
86%
Attempted Coup2013Libya
86%
Attempted Coup2014Libya
86%
Attempted Coup2016Libya
86%
Attempted Coup2014Libya
86%
Attempted Coup2013Libya
86%
Attempted Coup?2019Venezuela
83%
Attempted Coup2002Venezuela
83%
Attempted Coup2001Central African Republic
79%
Attempted Coup2020Central African Republic
79%
Coup2003Central African Republic
79%
Coup2013Central African Republic
79%
Attempted Coup2015Central African Republic
79%
Coup2021Guinea
79%
Coup2008Guinea
79%
Coup2012Guinea Bissau
79%
Coup2003Guinea Bissau
79%
Attempted Coup2022Guinea Bissau
79%
Coup2004Haiti
79%
Attempted Coup?2007Laos
79%
Attempted Coup2021Ukraine
79%
Attempted Coup2022Ukraine
79%
Attempted Coup2003Burkina Faso
76%
Coup2022Burkina Faso
76%
Coup2022Burkina Faso
76%
Attempted Coup2015Burkina Faso
76%
Attempted Coup2016Burkina Faso
76%
Attempted Coup?2009Ethiopia
76%
Attempted Coup?2019Ethiopia
76%
Attempted Coup2019Gabon
76%
Attempted Coup2014Gambia
76%
Coup2014Thailand
76%
Coup2006Thailand
76%
Coup2017Zimbabwe
76%
Attempted Coup2013Benin
72%
Attempted Coup2017Equatorial Guinea
72%
Attempted Coup2004Equatorial Guinea
72%
Attempted Coup?2013Eritrea
72%
Attempted Coup?2005Peru
72%
Attempted Self Coup2022Peru
72%
Attempted Coup2021Armenia
69%
Attempted Coup?2023Brazil
69%
Attempted Coup2015Burundi
69%
Attempted Coup2001Burundi
69%
Coup2000Ecuador
69%
Attempted Coup?2005Ecuador
69%
Attempted Coup?2006Madagascar
69%
Coup2009Madagascar
69%
Attempted Coup2006Madagascar
69%
Coup2005Mauritania
69%
Attempted Coup2003Mauritania
69%
Coup2008Mauritania
69%
Attempted Coup?2021United States
69%
Attempted Coup2013Comoros
66%
Coup2009Honduras
66%
Coup?2005Togo
66%
Attempted Coup?2019Bolivia
62%
Attempted Coup?2006Ivory Coast
62%
Attempted Coup?2002Ivory Coast
62%
Attempted Coup2022São Tomé & Principe
62%
Attempted Coup2003São Tomé & Principe
62%
Coup2000Fiji
59%
Coup2006Fiji
59%
Attempted Coup2011Bangladesh
55%
Attempted Coup?2023Moldova
55%
Attempted Coup2014Lesotho
52%
Attempted Coup?2022Germany
48%
Self Coup2005Nepal
48%
Attempted Coup?2008East Timor
45%
Coup2017Saudi Arabia
45%
Attempted Coup?2020Saudi Arabia
45%
Attempted Coup?2021Jordan
38%
Coup2000Solomon Islands
34%
Attempted Coup?2017Austria
31%
Attempted Coup?2016Montenegro
31%
Attempted Coup2007Philipines
10%
Attempted Coup?2006Philipines
10%
Attempted Coup?2003Philipines
10%

Score Distribution

Percentile by Number Answered

Percent of People with Each Score

Your Score History

You have not taken this quiz